| 000 | 00582nam a2200193Ia 4500 | ||
|---|---|---|---|
| 003 | IN-BaIIA | ||
| 005 | 20250709135502.0 | ||
| 008 | 211028s9999 xx 000 0 eng d | ||
| 040 | _cIIA Library | ||
| 080 |
_a629.19(047.1) _bASS-5 |
||
| 100 |
_aOrdway III, Frederick I. _95588 |
||
| 245 | 0 |
_aAdvance in space science and technology _bvol. 5 _cFrederick I. Ordway III |
|
| 260 |
_aNew York _bAcademic Press _c1963 |
||
| 300 | _axiii, 334p. | ||
| 650 | _aAstronomy and Astrophysics Thesaurus | ||
| 650 | _aSpace Science | ||
| 650 |
_aSpace Technology _93746 |
||
| 942 |
_cBK _2ddc |
||
| 999 |
_c3149 _d3149 |
||